000 00414 a2200133 4500
001 91496
082 _aPR 1462
090 _c43637
_d43636
100 _aHabeel Ahmed; Prof Emmad Hassan (Advisor)
245 _aTo Develop a Microcontroller Based System for Access Control Using NV-RAM as Data Base and Data Logging
_n58 "B" EC
260 _aRawalpindi
_bNUST
_c2003
300 _a43p
500 _aBE Project Reports
942 _aCAE NUST
_kPR 1462
999 _c326569
_d326569